| 000 | 00691cam a22002537a 4500 | ||
|---|---|---|---|
| 001 | sjds14488298 | ||
| 003 | sjds | ||
| 005 | 20221222115449.0 | ||
| 008 | 060809s1984 mx a 000 0 spa | ||
| 010 | _a 2006531292 | ||
| 020 | _a9684940041 | ||
| 020 | _a9789684940048 | ||
| 040 |
_aDLC _cDLC _dDLC |
||
| 041 | _aspa | ||
| 050 | 0 | 0 | _aMLCS 2006/11001 (P) |
| 100 | 1 |
_aHiriart, Hugo, _d1942- |
|
| 245 | 1 | 3 |
_aEl vuelo de Apolodoro / _ctexto e ilustraciones, Hugo Hiriart. |
| 250 | _a1. ed. | ||
| 260 |
_aCol. Coyoacán, México : _bCIDCLI, _c1984. |
||
| 300 |
_a39 p. : _bcol. ill. ; _c22 cm. |
||
| 440 | _aReloj de cuentos | ||
| 942 |
_2ddc _cBK |
||
| 999 |
_c27605 _d27605 |
||